000 00790nam a22002657a 4500
001 BR0806029
003 BR-BrBNA
005 20230928102720.0
007 ta
008 230509b bl.||||| |||| 00| 0 por d
040 _aBR-BrBNA
_bpor
_cBiblioteca Nacional de Agricultura
041 _a(Por)
072 _aE14; E70
090 _ E14 BR0806029
110 1 _aEditora Abril, São Paulo, SP (Brasil)
_93478
245 1 _aAnuário Exame 2006-2007; agronegócio. O ranking das 400 maiores empresas do agronegócio no Brasil
_bjunho 2006
260 3 _aSão Paulo, SP (Brasil):
_c2006.
300 _a134 p.
650 _aDESENVOLVIMENTO AGRÍCOLA
650 _aEMPRESA
650 _aAGRONEGÓCIO
650 _aCOMERCIALIZAÇÃO
909 _a202309
_bLucia
_c55
_dLucia Elande
942 _cBK
999 _c72174
_d72174